| 000 | 00609nam a22002057a 4500 | ||
|---|---|---|---|
| 999 |
_c18930 _d18930 |
||
| 003 | AR-CdUCM | ||
| 008 | 190515b ||||| |||| 00| 0 spa d | ||
| 040 |
_aMUNICIPALIDAD PROVINCIAL DEL CUSCO _cBIBLIOTECA MUNICIPAL DEL CUSCO |
||
| 082 |
_a800 / _bA67 |
||
| 100 |
_aArhuata Rosado, José Manuel _925250 |
||
| 245 |
_aLuces en sombras : _bPoesía / |
||
| 260 |
_aCusco : _bCBC, _c2000. |
||
| 300 |
_a50 páginas ; _c22 cm. |
||
| 505 | _aContenido : Poesía ... | ||
| 650 |
_aLieteratura _930869 |
||
| 650 |
_aPoesía _9139 |
||
| 650 |
_aCusqueña _928622 |
||
| 942 |
_2ddc _cLIBROS |
||
| 945 |
_arah _d2019/05/15 |
||